Levice Štefánikov pomník

Zobrazenie: v bielom orámovaní je zobrazený pomník M. R. Štefánika

Bibliographic Details
Format: Postcard
Language:Slovak
Hungarian
PhysicalDescription:1 pohľadnica čiernobiela 14 x 9 cm
Published: [Léva] [IFJ Laufer B.] [medzi 1905 a 1945?]
Subjects:

MARC

LEADER 00000nkm a2200000 a 4500
001 vtls011785667
003 SK-MaSNL
005 20260512122324.0
007 kp bo
008 230718q1905 xo g 00 kuslo
015 |a SNBG 
035 |a urn:nbn:sk:snk-km00dpkf 
035 |a urn:nbn:sk:snk-km3lxqc 
035 |a 13E0AFEC-8205-4758-9CA6-00A8FD30DC3D 
040 |a SNK  |b slo  |c SNK  |e AACR2 
041 0 |a slo  |a hun 
043 |a e-xo--- 
044 |a xo  |c SK 
072 7 |a 913  |x Regionálna geografia  |2 konspekt 
080 |a 913(437.6)  |2 2011 
080 |a 725.945  |2 2011 
080 |a (084.121)  |2 2011 
245 0 0 |a Levice  |h grafika  |b Štefánikov pomník 
246 3 1 |a Léva 
260 |a [Léva]  |b [IFJ Laufer B.]  |c [medzi 1905 a 1945?] 
300 |a 1 pohľadnica  |b čiernobiela  |c 14 x 9 cm 
500 |a Číslo záberu 36 
520 8 |a Zobrazenie: v bielom orámovaní je zobrazený pomník M. R. Štefánika 
546 |a Súbežný názov v maďarčine 
600 1 7 |a Štefánik, Milan Rastislav,  |d 1880-1919  |2 SNKMA  |9 86219 
650 0 7 |a pomníky  |2 SNKPH  |9 3013 
651 7 |a Levice (Slovensko)  |2 SNKPH  |9 55713 
655 7 |a miestne pohľadnice  |2 SNKPH  |9 70510 
752 |a Slovensko  |d Levice 
852 |a Slovenská národná knižnica 
954 |a pohľadnice pôvodné (slovenské)  |2 lita 
958 |a OND 
958 |a GBN 
958 |a GC 
958 |a EUIPO 
999 |c 599643  |d 601573 
952 |a SNK  |b SNK  |y PREZ  |7 0  |p 17A1294425  |o snkSP 86539  |0 0  |1 0  |4 0  |d 2018-10-17  |f 1  |l 0  |r 2026-02-23 15:50:47  |w 2026-02-23